000 01604cam a2200445 a 4500
001 20972
003 VRT
005 20260207125223.0
008 230403s1950 xo 000 d slo
015 _aSNBA19451955-004147
035 _aSK01SNKBKSFS20010067271
035 _aurn:nbn:sk:snk-am3i5p2
035 _a7A0DFC24-D6E9-4266-97EB-958261B252E8
035 _aurn:nbn:sk:snk-am00dkzu
035 _aSKM000069734
039 9 _a202304032045
_bVLOAD
_c202212050954
_dVLOAD
_c202205110904
_dVLOAD
_c202106231932
_dVLOAD
040 _aSNK
_bslo
_cSNK
_eAACR2
041 0 _aslo
044 _axo
_cSK
080 _a885.4
_21981
100 1 _aHviezdoslav, Pavol Országh,
_d1849-1921
_4aut
245 1 0 _aHerodes a Herodias
_bhra v 5 dejstvách
_cHviezdoslav ; dramaticky upravil Janko Borodáč
250 _a1. vyd.
260 _aTurčiansky Sv. Martin
_bMatica slovenská
_c1950
_eTurčiansky Sv. Martin
_fNeografia
300 _a99, [2] s.
_c
366 _e2000 výtl.
490 1 _aSlovenské divadlo
_vsv. 5
500 _aFrontispice
655 7 _aslovenské drámy
_2SNKPH
700 1 _aBorodáč, Janko,
_d1892-1964
_4adp
830 0 _aSlovenské divadlo
910 _asnk
942 _2ddc
_cKLDO
_n0
949 _617A0532380
_asnkSD 6707/5 D1
_bsnkD 1456/60
_qrekatalogizácia
949 _617A0532379
_asnkSD 6707/5 D2
_bsnkF 5966/62
_qrekatalogizácia
949 _617A0532426
_asnkSD 6707/5 D3
_bsnkF 7404/63
_qrekatalogizácia
949 _62889022280
_asavukM 9847
949 _617A0912651
_asnkSD 6707/5
_bsnk5067/50
_oI. 2190/50
_s6100:20190510
999 _c20972
_d20972